| 000 | 00558nam a2200169 a 4500 | ||
|---|---|---|---|
| 008 | 120416s1991 ||||||||||||||||| || u | ||
| 050 | _aTA 403 Nar | ||
| 100 | _aNarang, B.S | ||
| 245 | 1 | 0 | _aMaterial science: in SI units |
| 250 | _a4th ed. | ||
| 260 |
_aNew Delhi: _bCBS Publishers _c1991 |
||
| 300 | _aIn various pagings : ill. | ||
| 350 | _a0.00 | ||
| 650 | 0 | _aMATERIALS | |
| 650 | 0 | _aMATERIALS SCIENCE | |
| 995 |
_D0.00 _FCBU-MAIN LIBRARY (Kitwe) _H1 _I55.00 _M1 _UDAMAGED _ZMain Library Open Access Collection |
||
| 999 |
_c50594 _d50594 |
||